Statistics for 4-Letter Words Containing OO

Click here to take the quiz!

General Stats

  • This quiz has been taken 250 times
  • The average score is 47 of 64

Answer Stats

oo% Correct
cool
91%
boot
89%
moon
89%
pool
89%
boon
88%
good
88%
room
88%
root
88%
book
87%
boom
86%
doom
86%
door
86%
soon
86%
goon
85%
loon
85%
moot
85%
tool
85%
food
84%
hook
84%
boor
83%
fool
83%
hood
83%
hoot
83%
look
83%
loop
83%
mood
83%
coon
82%
foot
81%
loom
81%
cook
80%
coop
80%
coot
80%
loot
80%
toon
80%
hoop
79%
wood
79%
moor
78%
took
78%
poor
77%
soot
77%
wool
77%
noon
76%
rook
74%
goof
72%
hoof
72%
boob
71%
hoon
71%
roof
69%
gook
67%
poop
67%
toot
67%
nook
66%
poof
63%
goop
62%
woof
60%
zoom
60%
rood
56%
sook
56%
pooh
52%
ooze
36%
voom
32%
kook
30%
oops
24%
shoo
20%

Score Distribution

Percentile by Number Answered

Percent of People with Each Score

Your Score History

You have not taken this quiz